15 parcs d'attractions en France - Statistiques

Statistiques générales
  • Ce quiz a été pris 474 fois
  • Le résultat moyen est 7 sur 15
Statistiques - réponses
Département Commune Parc d'Attraction % Correct
Seine-et-Marne Marne-la-Valée / Chessy DisneyLand Paris / Walt Disney Studios
98%
Oise Plailly Parc Asterix
94%
Vienne Chasseneuil-du-Poitou / Jaunay-Clan Futuroscope
79%
Vendée Les Epesses Puy du Fou
77%
Isère Avenières Walibi Rhône-Alpes
54%
Lot-et-Garonne Roquefort Walibi Sud-Ouest
54%
Aube Dolancourt Nigloland
45%
Puy-de-Dôme Saint-Ours-les-Roches Vulcania
41%
Allier Saint-Pourçain-sur-Besbre Le PAL
31%
Oise Saint-Paul Parc Saint-Paul
31%
Alpes-Maritime Antibes Espace Marineland
30%
Oise Ermenonville La Mer de Sable
28%
Moselle Maizières-lès-Metz Walygator Parc
25%
Pas-de-Calais Rang-du-Fliers Parc Bagatelle
23%
Bouches-du-Rhône Cuges-les-Pins Ok Corral
12%
Aucun quiz correspondant
Distribution des résultats
% des personnes avec chaque résultat
Percentile par nombre de réponses
Votre historique - résultats
Vous n’avez pas pris ce quiz